00485 2200181 4500245004300000020001800043250001100061100002400072700001900096650004300115005001900158260004200177041001400219084000800233300002300241500003000264336000900294 aMalam SunyicClark, Mary HigginshText a979-605-833-2 aCet. 1 aClark, Mary Higgins aKathleen S. W. aFiksi Inggris (dalam Bahasa Indonesia) a20230125082222 aJakartabGramedia Pustaka Utamac1997 aIndonesia a823 a208 hlm. :c18 cm. aJudul asli : Silent Night atext